| 000 | 00691cgm a22002415a 4500 | ||
|---|---|---|---|
| 001 | L145245 | ||
| 002 | |||
| 008 | 080918s2004 xxk f 000 0 eng u | ||
| 020 | _a1904829058 | ||
| 035 | _a(Sirsi) u145245 | ||
| 041 | 0 | _aeng | |
| 050 | 0 | 4 | _a690.23 $2 18 |
| 110 | 2 |
_aBuilding Cost Information Service _91096 |
|
| 245 | 0 | 0 |
_aBuilding construction duration calculator _h[electronic resource] |
| 260 |
_aLondon _bBCIS _c2004 |
||
| 300 | _a1 CD-ROM | ||
| 350 | _a95 | ||
| 520 | _aAccompanies BCIS Guide to building construction duration (L127480). | ||
| 650 | _aKEY PERFORMANCE INDICATORS | ||
| 651 | 4 |
_aUnited Kingdom _y |
|
| 690 |
_aConstruction management _96230 |
||
| 942 | _n0 | ||
| 999 |
_c85464 _d85464 |
||